00700nac a22002051u 4500010001700000020001500017082001500032090001500047100003400062245007400096250001200170260006200182300002600244504005100270650001400321650002400335942001800359999001500377952010200392 a 2005058047 a141804202100a690bS7441 c3913d3913 aSpence, William Perkin 10aConstruction methods, materials, and techniques /cWilliam P. Spence. a2nd ed. aClifton Park, N.Y. :bThomson Delmar Learning,2006c2006. a 1v.:bIll. ;c28 cm. aIncludes bibliographical references and index. 0aBuilding. 0aBuilding materials. cNBk690 S7441 c3913d3913 00104070aMAINbMAINc1STd2007-08-05ePurchasel0o690 SPEp000000165r2025-07-15 00:00:00yNB